Central Library OPAC University of Rajshahi
Normal view MARC view

Entry Personal Name

Number of records used in: 1

001 - CONTROL NUMBER

  • control field: 6046

003 - CONTROL NUMBER IDENTIFIER

  • control field: BD-RjUL

005 - DATE AND TIME OF LATEST TRANSACTION

  • control field: 20221127182313.0

008 - FIXED-LENGTH DATA ELEMENTS

  • fixed length control field: 221127|| aca||aabn | a|a d

040 ## - CATALOGING SOURCE

  • Original cataloging agency: BD-RjUL
  • Transcribing agency: BD-RjUL

100 ## - HEADING--PERSONAL NAME

  • Personal name: Ambia, Md. Ghulam

670 ## - SOURCE DATA FOUND

  • Source citation: Work cat.: (BD-RjUL)80854: Ambia, Md. Ghulam, A Study of the electrical and optical properties of ZnO thin films spray pyrolysis form Zn (C2 H3 O2)2 2h2O /, 1994